Normal view MARC view
  • MATLAB.

Entry Uniform Title

Number of records used in: 1

001 - CONTROL NUMBER

  • control field: 33872

003 - CONTROL NUMBER IDENTIFIER

  • control field: OSt

005 - DATE AND TIME OF LATEST TRANSACTION

  • control field: 20131001133201.0

008 - FIXED-LENGTH DATA ELEMENTS

  • fixed length control field: 131001|| aca||aabn | a|a d

040 ## - CATALOGING SOURCE

  • Original cataloging agency: OSt
  • Transcribing agency: OSt

130 ## - HEADING--UNIFORM TITLE

  • Uniform title: MATLAB.

670 ## - SOURCE DATA FOUND

  • Source citation: Work cat.: (OSt)0: Lonngren, Karl E. (Karl Erik), 1938- 33871, Fundamentals of electromagnetics with MATLAB /, c2007.